LIBRARY & INFORMATION CENTRE, KCAET, TAVANUR

ONLINE PUBLIC ACCESS CATALOGUE (OPAC)

American janathayude sambadvyavastha / (Record no. 4838)

MARC details
000 -LEADER
fixed length control field 00501cam a2200193ua 4500
041 ## - LANGUAGE CODE
Language code of text/sound track or separate title mal
082 ## - DEWEY DECIMAL CLASSIFICATION NUMBER
Classification number 330.973
Item number COM/AM
100 ## - MAIN ENTRY--AUTHOR NAME
Personal name Com , Gerhard .
245 ## - TITLE STATEMENT
Title American janathayude sambadvyavastha /
260 ## - PUBLICATION, DISTRIBUTION, ETC. (IMPRINT)
Place of publication Quilon :
Name of publisher Sree Rama Vilasam Press & Book Depot ,
Year of publication 1965.
300 ## - PHYSICAL DESCRIPTION
Number of Pages 306 ; .
700 1# - ADDED ENTRY--PERSONAL NAME
Personal name Geiger, Theodore .
942 ## - ADDED ENTRY ELEMENTS (KOHA)
Koha item type Books
Holdings
Withdrawn status Lost status Damaged status Home library Current library Date acquired Full call number Accession Number Koha item type Public note
Withdrawn     KAUAET Malayalam University 07/04/2012 330.973 10666 Books  
Withdrawn     KAUAET Sanskrit University 07/04/2012 330.973 8716 Books Transferred to Sanskrit University
free website counter